[Event "FRA-chT2W 0203"]
[Site "France"]
[Date "2003.03.15"]
[Round "8"]
[White "Le Floch, Sebastien"]
[Black "Sinkovics, Peter"]
[Result "0-1"]
[WhiteElo "2193"]
[BlackElo "2325"]
[PlyCount "80"]
[EventDate "2002.10.??"]
[EventType "team"]
[EventRounds "11"]
[EventCountry "FRA"]
[SourceTitle "EXT 2004"]
[Source "ChessBase"]
[SourceDate "2003.11.25"]
[SourceVersion "1"]
[SourceVersionDate "2003.11.25"]
[SourceQuality "1"]
[WhiteTeam "Brest"]
[BlackTeam "Bagneux"]
[WhiteTeamCountry "FRA"]
[BlackTeamCountry "FRA"]

1. f4 d5 2. Nf3 g6 3. g3 Bg7 4. Bg2 Nf6 5. 0-0 0-0 6. d3 c5 7. c3 Nc6 8. Na3 b6 9. Qa4 Bd7 10. Qc2 Rc8 11. Bd2 Re8 12. Rae1 e5 13. fxe5 Nxe5 14. Nxe5 Rxe5 15. Bf4 Re8 16. e4 dxe4 17. dxe4 Nh5 18. Nc4 Bb5 19. Qb3 Bxc4 20. Qxc4 Qe7 21. Rd1 Rcd8 22. Rd5 Nxf4 23. gxf4 Rxd5 24. exd5 Qe3+ 25. Kh1 Qd2 26. f5 Re2 27. Qg4 Be5 28. fxg6 hxg6 29. Qd7 Bf4 30. Qg4 Be5 31. Qd7 Bf4 32. Qg4 Re1 33. Qf3 Rxf1+ 34. Qxf1 Be5 35. Qa6 Qxb2 36. d6 Qc1+ 37. Bf1 Bxd6 38. Kg2 Qd2+ 39. Be2 Kg7 40. Qd3 Qg5+ 0-1

[Event "FRA-chT2W 0203"]
[Site "France"]
[Date "2002.11.16"]
[Round "2"]
[White "Le Floch, Sebastien"]
[Black "Quillien, Emmanuel"]
[Result "1/2-1/2"]
[WhiteElo "2188"]
[BlackElo "2100"]
[PlyCount "29"]
[EventDate "2002.10.??"]
[EventType "team"]
[EventRounds "11"]
[EventCountry "FRA"]
[SourceTitle "EXT 2004"]
[Source "ChessBase"]
[SourceDate "2003.11.25"]
[SourceVersion "1"]
[SourceVersionDate "2003.11.25"]
[SourceQuality "1"]
[WhiteTeam "Brest"]
[BlackTeam "Bordeaux II"]
[WhiteTeamCountry "FRA"]
[BlackTeamCountry "FRA"]

1. f4 c5 2. Nf3 Nc6 3. e4 Nf6 4. d3 d5 5. e5 Ng8 6. Be2 Bg4 7. 0-0 e6 8. Nbd2 h5 9. c3 Nh6 10. Re1 Nf5 11. Nf1 Qb6 12. Ng5 c4+ 13. d4 Bxe2 14. Rxe2 Be7 15. Nf3 1/2-1/2

[Event "FRA-chT2"]
[Site "France"]
[Date "2002.01.??"]
[Round "5"]
[White "Le Floch, Sebastien"]
[Black "David, Vincent"]
[Result "0-1"]
[WhiteElo "2161"]
[BlackElo "2260"]
[PlyCount "66"]
[EventDate "2002.??.??"]
[EventType "team"]
[EventRounds "11"]
[EventCountry "FRA"]
[SourceTitle "EXT 2003"]
[Source "ChessBase"]
[SourceDate "2002.11.25"]
[SourceVersion "1"]
[SourceVersionDate "2002.11.25"]
[SourceQuality "1"]

1. f4 d5 2. Nf3 Nf6 3. c3 c6 4. d4 Bg4 5. e3 Nbd7 6. Be2 e6 7. 0-0 Ne4 8. Nbd2 Nd6 9. Ne5 Bxe2 10. Qxe2 Nf6 11. b3 Qa5 12. Bb2 Be7 13. a4 0-0 14. Rfc1 Nfe4 15. b4 Qc7 16. Nxe4 Nxe4 17. b5 f6 18. Nf3 cxb5 19. axb5 Rfc8 20. Ra4 Nd6 21. Ba3 Qb6 22. Bc5 Qxb5 23. Qxb5 Nxb5 24. Bxe7 Nxc3 25. Rxc3 Rxc3 26. Bc5 a6 27. Kf2 Rc2+ 28. Kf1 Rb2 29. Ne1 b6 30. Ba3 Ra2 31. Nd3 a5 32. Nb4 Ra1+ 33. Ke2 b5 0-1

[Event "FRA-chT2"]
[Site "France"]
[Date "2001.12.??"]
[Round "4"]
[White "Le Floch, Sebastien"]
[Black "Martinez, Jean Philippe"]
[Result "1-0"]
[WhiteElo "2159"]
[BlackElo "2035"]
[PlyCount "107"]
[EventDate "2002.??.??"]
[EventType "team"]
[EventRounds "11"]
[EventCountry "FRA"]
[SourceTitle "EXT 2003"]
[Source "ChessBase"]
[SourceDate "2002.11.25"]
[SourceVersion "1"]
[SourceVersionDate "2002.11.25"]
[SourceQuality "1"]

1. f4 g6 2. Nf3 Bg7 3. g3 c5 4. Bg2 Nc6 5. d3 d6 6. 0-0 e6 7. e4 Nge7 8. c3 0-0 9. Na3 b6 10. Nh4 f5 11. Re1 Qd7 12. exf5 Nxf5 13. Nf3 h6 14. Qe2 d5 15. Nc2 Rb8 16. g4 Nd6 17. Ne5 Nxe5 18. fxe5 Ne8 19. d4 Nc7 20. Be3 Qe7 21. b4 Ba6 22. Qd2 Qh4 23. h3 c4 24. Bf2 Qe7 25. a4 Rbe8 26. Bg3 Kh7 27. h4 Bb7 28. Ne3 Ba8 29. Qe2 a6 30. a5 b5 31. Qc2 Bh8 32. Rf1 Rxf1+ 33. Rxf1 Rf8 34. Rxf8 Qxf8 35. h5 Qf7 36. Bh4 Bc6 37. Bd8 Ne8 38. Bh3 Ng7 39. Bf6 Be8 40. Ng2 Kg8 41. Nf4 gxh5 42. gxh5 Qd7 43. Qg2 Bf7 44. Qg4 Kf8 45. Bxg7+ Bxg7 46. Nxe6+ Bxe6 47. Qxe6 Qd8 48. Qc8 Ke8 49. Be6 Ke7 50. Qc6 Bxe5 51. dxe5 d4 52. Bf5 Qg8+ 53. Qg6 Qd5 54. Qd6+ 1-0

[Event "FRA-chT2O 9899"]
[Site "France"]
[Date "1999.01.??"]
[Round "5"]
[White "David, Vincent"]
[Black "Le Floch, Sebastien"]
[Result "0-1"]
[WhiteElo "2176"]
[BlackElo "2204"]
[PlyCount "80"]
[EventDate "1998.??.??"]
[EventType "team"]
[EventRounds "9"]
[EventCountry "FRA"]
[SourceTitle "EXT 2002"]
[Source "ChessBase"]
[SourceDate "2001.11.25"]
[SourceVersion "1"]
[SourceVersionDate "2001.11.25"]
[SourceQuality "1"]

1. d4 d5 2. Nf3 e6 3. c4 c6 4. Nc3 f5 5. g3 Nf6 6. Bg2 Bd6 7. 0-0 0-0 8. Qc2 Ne4 9. Bf4 Bxf4 10. gxf4 Bd7 11. e3 Be8 12. Ne2 Nd7 13. Ne5 Bh5 14. f3 Nd6 15. b3 Rc8 16. c5 Nf7 17. b4 g5 18. Nxd7 Qxd7 19. fxg5 Nxg5 20. Nf4 Be8 21. Kh1 Qe7 22. Qf2 Kh8 23. Qh4 Rc7 24. Rae1 Rg8 25. Qh6 e5 26. Nd3 Rg6 27. Qh4 Nf7 28. Qxe7 Rxe7 29. f4 e4 30. Ne5 Nxe5 31. fxe5 Bd7 32. Bh3 Rf7 33. Rf2 Rh6 34. Bg2 Rg7 35. Rf4 Rg5 36. Re2 Kg7 37. h3 Kf7 38. Kh2 Ke6 39. Bf1 Rgh5 40. Rg2 Rxh3+ 0-1

[Event "Bretagne"]
[Site "Bretagne"]
[Date "1999.??.??"]
[Round "5"]
[White "Dumitrache, Dragos Nicolae"]
[Black "Le Floch, Sebastien"]
[Result "1-0"]
[WhiteElo "2425"]
[BlackElo "2205"]
[PlyCount "63"]
[EventDate "1999.??.??"]
[EventType "tourn"]
[EventRounds "9"]
[EventCountry "FRA"]
[EventCategory "3"]
[SourceTitle "EXT 2000"]
[Source "ChessBase"]
[SourceDate "1999.11.16"]
[SourceVersion "1"]
[SourceVersionDate "1999.11.16"]
[SourceQuality "1"]

1. c4 f5 2. Nf3 Nf6 3. Nc3 e6 4. d4 Bb4 5. g3 0-0 6. Bg2 Bxc3+ 7. bxc3 d6 8. 0-0 Ne4 9. Qc2 Nd7 10. Ne1 Qe8 11. Nd3 e5 12. c5 Qh5 13. f3 Ng5 14. Bxg5 Qxg5 15. f4 exf4 16. Nxf4 dxc5 17. Bxb7 Bxb7 18. Qb3+ Kh8 19. Qxb7 Qe7 20. Qf3 cxd4 21. cxd4 Nf6 22. Rac1 Rad8 23. d5 Rd6 24. Rfd1 Re8 25. Rc4 g5 26. Ne6 Nxd5 27. Rxd5 Qxe6 28. Qc3+ Kg8 29. Rxc7 Re7 30. Rxe7 Qxe7 31. Qc5 Re6 32. Qc8+ 1-0

[Event "FRA-chT2O 9899"]
[Site "France"]
[Date "1998.11.14"]
[Round "2"]
[White "Fantin, Ludwig"]
[Black "Le Floch, Sebastien"]
[Result "1/2-1/2"]
[WhiteElo "2138"]
[BlackElo "2204"]
[PlyCount "67"]
[EventDate "1998.??.??"]
[EventType "team"]
[EventRounds "9"]
[EventCountry "FRA"]
[SourceTitle "EXT 2002"]
[Source "ChessBase"]
[SourceDate "2001.11.25"]
[SourceVersion "1"]
[SourceVersionDate "2001.11.25"]
[SourceQuality "1"]

1. e4 d6 2. d4 Nf6 3. Nc3 g6 4. f4 Bg7 5. Nf3 0-0 6. Bd3 Na6 7. e5 Nd7 8. 0-0 c5 9. exd6 exd6 10. Be3 Nb4 11. Be2 Re8 12. Bf2 cxd4 13. Nxd4 Nf6 14. Bf3 d5 15. Re1 Rxe1+ 16. Bxe1 Bg4 17. Bxg4 Nxg4 18. Nce2 Qb6 19. c3 Nc6 20. Qd2 Re8 21. Bf2 Re4 22. Rd1 Qa6 23. Ng3 Nxf2 24. Qxf2 Re8 25. Nxc6 bxc6 26. a3 Qb6 27. Kf1 Qb5+ 28. Kg1 Qb6 29. Kf1 Qa6+ 30. Kg1 h5 31. Rd2 Qb6 32. Kf1 f5 33. Ne2 Qxf2+ 34. Kxf2 1/2-1/2

[Event "FRA-chT2O 9899"]
[Site "France"]
[Date "1998.10.18"]
[Round "1"]
[White "Le Floch, Sebastien"]
[Black "Perrin, Guillaume"]
[Result "1/2-1/2"]
[WhiteElo "2204"]
[BlackElo "2150"]
[PlyCount "56"]
[EventDate "1998.??.??"]
[EventType "team"]
[EventRounds "9"]
[EventCountry "FRA"]
[SourceTitle "EXT 2002"]
[Source "ChessBase"]
[SourceDate "2001.11.25"]
[SourceVersion "1"]
[SourceVersionDate "2001.11.25"]
[SourceQuality "1"]

1. f4 d5 2. Nf3 Nf6 3. e3 g6 4. Be2 Bg7 5. 0-0 0-0 6. Qe1 c5 7. d3 Nc6 8. a4 Qc7 9. Qh4 Rd8 10. Nc3 a6 11. e4 dxe4 12. dxe4 Nd4 13. Bd1 Bg4 14. e5 Bxf3 15. Bxf3 Nxf3+ 16. Rxf3 Nd5 17. Nxd5 Rxd5 18. Be3 Rad8 19. Raf1 Rd1 20. Qf2 R8d5 21. Qe2 Rxf1+ 22. Rxf1 c4 23. Rd1 Qd7 24. Rxd5 Qxd5 25. Qd2 Qxd2 26. Bxd2 f6 27. exf6 Bxf6 28. b3 cxb3 1/2-1/2